Gaming Quiz

Random Gaming Quiz

Black Ops2 Maps Quiz Stats

 Plays Quiz not verified by Sporcle

Challenge
Share
Tweet
Embed
Score 0/15 Timer 03:00
0 Plays Today
Description Map % Correct
Urban streets of Yemen with tight alleys that result in close quarter engagements.Yemen
68%
Located in the steep hills of Yemen with wind turbines scattered around the landscape.Turbine
60%
Frantic close quarters engagements on a luxurious super yacht.Hijacked
56%
Open engagements on a Chinese Supercarrier. The hull offers great close quarter fights.Carrier
54%
Located in the heart of the Mynamar jungles inside a hidden drone facility. Offers great chances for snipers in the middle and fun close quarter fights through the facility.Drone
54%
Good long to medium engagements inside the Los Angeles bullet train center.Express
52%
Hectic close quarters engagements through a hillside mansion in Hollywood.Raid
50%
Battle over the cooling tower and surrounding facilities of a Pakistan nuclear power plant.Meltdown
48%
Description Map % Correct
Frantic close quarter engagements with tight corners and angles throughout a floating resort in the middle of the Indian Ocean.Plaza
44%
Great close quarters engagements and tough choke points in the run down section of Panama.Slums
42%
Classic Call of Duty engagements in a border town between China and Kyrgyzstan.Standoff
42%
Ruined downtown Los Angeles with close engagements.Aftermath
40%
DLC Nuff' SaidNuketown 2025
38%
Located in Singapore. Lots of close quarters engagements.Cargo
36%
Great urban engagements in the flooded streets of Peshawar, Pakistan.Overflow
26%

You're not logged in!

Compare scores with friends on all Sporcle quizzes.
Join for Free
OR
Log In

You Might Also Like...

Show Comments

Extras

Created Dec 8, 2012ReportFavoriteNominate
Tags:black, description, lol, map

Top Quizzes Today


Score Distribution

Your Account Isn't Verified!

In order to create a playlist on Sporcle, you need to verify the email address you used during registration. Go to your Sporcle Settings to finish the process.

Report this User

Report this user for behavior that violates our Community Guidelines.

Details: